00405nam a2200133Ia 45000010005000000080041000050820025000461000062000712450065001332600024001985900007002229010027002299990015002563116241024s9999 xx 000 0 und d aRD/352.14/R426i/2011 aRepública Dominicana. Ministerio de Educación. MINERD 0aInforme de resoluciones elaboradas a la firma de la Ministra bSanto Domingoc2012 asi a8/8/2013 11:01:14 a.m. c9476d9476